[Event "FICGS class E 000195 email"]
[Site "FICGS email"]
[Date "2017.02.02"]
[Round "1"]
[White "Usan, Kavi"]
[Black "Plunkett, Louis"]
[Result "0-1"]
[WhiteElo "1234"]
[BlackElo "1564"]
[PlyCount "70"]
[EventDate "2017.??.??"]
[EventType "tourn (corr)"]
[EventRounds "5"]
[SourceTitle "Corr 2022"]
[Source "ChessBase"]
[SourceDate "2021.10.24"]
[SourceVersion "1"]
[SourceVersionDate "2021.10.24"]
[SourceQuality "1"]

1. d4 d5 2. Nc3 g6 3. Nf3 Bg7 4. e3 Bg4 5. h3 Bf5 6. g4 Bc8 7. Bg2 c6 8. Bd2 Nd7 9. e4 dxe4 10. Nxe4 Ngf6 11. Qe2 Nxe4 12. Qxe4 Nf6 13. Qd3 0-0 14. Ng5 Qc7 15. h4 Bxg4 16. Bf3 Bh5 17. 0-0-0 Rad8 18. Bc3 h6 19. Bxh5 Nxh5 20. Nh3 e5 21. Kb1 exd4 22. Bb4 c5 23. Bd2 c4 24. Qf3 Qb6 25. b3 a5 26. Nf4 Nf6 27. Qe2 d3 28. cxd3 cxb3 29. a3 Rfe8 30. Be3 Qd6 31. Kb2 Nd5+ 32. Kxb3 Nxf4 33. Qg4 Qd5+ 34. Kc2 Qa2+ 35. Kc1 Qb2# 0-1

[Event "IECC O-4409"]
[Site "IECC email"]
[Date "2016.10.31"]
[Round "?"]
[White "Plunkett, Louis"]
[Black "Domingues, Marcos"]
[Result "0-1"]
[WhiteElo "1622"]
[BlackElo "1852"]
[PlyCount "62"]
[EventDate "2016.??.??"]
[EventType "swiss (corr)"]
[EventRounds "2"]
[SourceTitle "Corr 2020"]
[Source "ChessBase"]
[SourceDate "2019.09.30"]
[SourceVersion "1"]
[SourceVersionDate "2019.09.30"]
[SourceQuality "1"]
[WhiteTeam "Ireland"]
[BlackTeam "Brazil"]
[WhiteTeamCountry "IRL"]
[BlackTeamCountry "BRA"]

1. c4 Nf6 2. g3 e5 3. Bg2 d5 4. cxd5 Nxd5 5. Nc3 Nb6 6. Nf3 Nc6 7. 0-0 Be7 8. a3 0-0 9. b4 Be6 10. Rb1 f6 11. d3 a5 12. b5 Nd4 13. Nd2 Qc8 14. e3 Nf5 15. Bb2 Rd8 16. Qc2 Nd6 17. a4 Nf7 18. Rbc1 c6 19. Rfe1 cxb5 20. Nxb5 Qxc2 21. Rxc2 Bf5 22. e4 Bd7 23. Rc7 Nxa4 24. Ba1 Bb4 25. Nc3 Rac8 26. Rxc8 Rxc8 27. Ncb1 Rc2 28. Rd1 Ra2 29. Nb3 Nb2 30. Bxb2 Rxb2 31. Bf3 Rxb3 0-1

[Event "FICGS class E 000189 email"]
[Site "FICGS email"]
[Date "2016.04.05"]
[Round "1"]
[White "Peugeot, Alex"]
[Black "Plunkett, Louis"]
[Result "0-1"]
[WhiteElo "1444"]
[BlackElo "1583"]
[PlyCount "30"]
[EventDate "2016.??.??"]
[EventType "tourn (corr)"]
[EventRounds "5"]
[SourceTitle "Corr 2022"]
[Source "ChessBase"]
[SourceDate "2021.10.24"]
[SourceVersion "1"]
[SourceVersionDate "2021.10.24"]
[SourceQuality "1"]

1. f4 e5 2. fxe5 d6 3. exd6 Bxd6 4. Nf3 g5 5. g3 g4 6. Nh4 Ne7 7. Bg2 Ng6 8. e4 Nxh4 9. gxh4 Qxh4+ 10. Kf1 Nc6 11. d3 Bc5 12. Qe2 Nd4 13. Qd2 Nf3 14. Bxf3 gxf3 15. Nc3 Bh3+ 0-1